Parallel Computing in Python
Python je jeden z mála programovacích jazykov, ktorý umožňuje vytvárať paralelné algoritmy, rozdeliť veľký a zložitý problém na podúlohy, distribuované do vlákien alebo procesov, s lepším využitím hardvéru. V tejto práci sa uvádza, ako sa dá použiť a aké obmedzenia možno splniť pomocou programovacie...
Enregistré dans:
| Auteur principal: | |
|---|---|
| Format: | Chapitre de livre |
| Langue: | anglais |
| Sujets: | |
| Tags: |
Pas de tags, Soyez le premier à ajouter un tag!
|
MARC
| LEADER | 00000naa$a2200000$$$4500 | ||
|---|---|---|---|
| 001 | 0281045 | ||
| 005 | 20240502074351.4 | ||
| 041 | 0 | |a eng | |
| 044 | |a SK | ||
| 245 | 1 | 0 | |a Parallel Computing in Python |c Tomáš Jalč |
| 520 | |a Python je jeden z mála programovacích jazykov, ktorý umožňuje vytvárať paralelné algoritmy, rozdeliť veľký a zložitý problém na podúlohy, distribuované do vlákien alebo procesov, s lepším využitím hardvéru. V tejto práci sa uvádza, ako sa dá použiť a aké obmedzenia možno splniť pomocou programovacieho jazyka Python pre paralelné výpočty. | ||
| 610 | 2 | 0 | |a jazyky programovacie |
| 610 | 2 | 0 | |a procesy Markovove |
| 610 | 2 | 0 | |a algoritmy |
| 610 | 2 | 0 | |a informatika |
| 100 | 1 | |a Jalč, Tomáš, 1993- | |